000 01251nam a2200265 i 4500
001 153583
003 ES-MaACL
005 20250816091139.0
008 990708s1761 fr f |||| | fre d
040 _aCLM
_bspa
_cCLM
100 1 _aDuhamel Du Monceau, Henri-Louis.
_9146391
245 1 0 _aArt du charbonnier, ou Manière de faire le charbon de bois /
_cpar M. Duhamel du Monceau ; additions et corrections relatives a l'Art du charbonnier, par M. Duhamel du Monceau.
260 _aA Paris :
_bchez Desaint & Saillant,
_c1761.
300 _aIV, 30, 13 p., [1] h. de grab. ;
_cFol. (44 cm)
490 1 _aDescriptions des arts et métiers faites ou approuvées par Messieurs de l'Académie Royale des Sciences
530 _aDisponible en formato digital.
596 _aMarca tip. en port.
597 _aSign.: []2, a2m A-G2, H1, A-C2, D1.
599 _aLa h. de grab., calc.: "Patte correxit 1760 C. Lucas scul 1717"
650 4 _aCarbón-
_vObras anteriores a 1800.
_9153958
830 0 0 _aDescriptions des arts et métiers
_9241750
852 _aES-MaACL
_jR-25-(1)
_z- Enc. hol
_x. Olim: C-10827-70
856 _uhttp://gallica.bnf.fr/ark:/12148/bpt6k10655945?rk=21459;2
_zBNF-Gallica
999 _c153583
_d153583